[Event "Olympiad Women 2024"]
[Site "Budapest HUN"]
[Date "2024.09.16"]
[Round "6.51"]
[Board "2"]
[White "Castro, Neusa Aridas De"]
[Black "De la Riva Real, Ariadna"]
[Result "1/2-1/2"]
[WhiteElo "1684"]
[BlackElo "1823"]
[PlyCount "84"]
[EventDate "2024.09.11"]
[WhiteTeam "Mozambique"]
[BlackTeam "Andorra"]
[WhiteTeamCountry "MOZ"]
[BlackTeamCountry "AND"]

1. e4 c5 2. Nf3 g6 3. d4 cxd4 4. Nxd4 Bg7 5. c4 Nc6 6. Be3 Nf6 7. Nc3 O-O 8. Be2 d6 9. Nc2 Bd7 10. O-O Rc8 11. Rc1 b6 ({RR} 11... a6 12. Qd2 Ne5 13. b3 Neg4 14. Bg5 h6 15. Bh4 g5 16. Bg3 Nh5 17. Bxg4 Bxg4 18. Ne3 Bd7 19. Ncd5 Nxg3 20. hxg3 e6 21. Nc3 Qa5 22. Rfd1 Bc6 23. f3 Be5 24. Ne2 Qxd2 25. Rxd2 b5 26. Ng4 {0-1 Sarana,A (2668)-Ahmadzada,A (2487) Titled Tue 28th Feb Early 2023 (4)}) 12. b3 $146 ({RR} 12. f4 Na5 13. Na3 Be6 14. b3 Nc6 15. Qd2 Bg4 16. Bd3 Bd7 17. Nd5 Nxd5 18. cxd5 Nb8 19. Nc4 b5 20. Na5 f5 21. Rfe1 fxe4 22. Bxe4 Qe8 23. Bf3 Rf6 24. Bd4 Rf7 25. Bxg7 Kxg7 26. b4 Rf6 {1-0 Ling,E (1776)-Uthayakumar,R (1541) Windsor NAYCC U14 2016 (4.67)}) ({RR} 12. f3 Na5 13. Na3 Ne8 14. Qd2 Nb7 15. Rfd1 Nc7 16. Nc2 Nc5 17. Nb4 a5 18. Nbd5 Nxd5 19. Nxd5 e6 20. Nc3 Na4 21. Nxa4 Bxa4 22. b3 Bc6 23. Qxd6 Qxd6 24. Rxd6 Be5 25. Rd3 Bc7 26. a4 f6 {1-0 Prokofiev,V (2337)-Montano Vicente,G (1991) Titled Tue 9th Jul Early 2024 (1)}) ({RR} 12. h3 Na5 13. b3 Bc6 14. Qd3 Nd7 15. Nd4 Ba8 16. f4 Nc6 17. Rfd1 Nc5 18. Qb1 Nxd4 19. Bxd4 Bxd4+ 20. Rxd4 Ne6 21. Rd2 Nxf4 22. Bf3 Qc7 23. Rf1 Qc5+ 24. Kh1 Nh5 25. Rff2 Qe5 26. Qc2 Ng3+ {0-1 Jelen,P (2177)-Bednar,M (2255) SVK-chT 0809 2008 (8)}) 12... Na5 13. Na3 Nb7 14. f3 a5 15. Qe1 Nc5 16. Qf2 Ne8 17. Rfd1 f5 18. exf5 Bxf5 19. Nab5 Nc7 20. Na7 Ra8 21. Nc6 Qe8 22. Nd4 Bd7 23. Qe1 Rb8 24. Qd2 N5e6 25. Ne4 d5 26. cxd5 Nxd5 27. Nxe6 Bxe6 28. Bc4 Nc7 29. Bxe6+ Nxe6 30. Qd5 Qf7 31. Re1 Rfd8 32. Qc4 Bd4 33. h3 Bxe3+ 34. Rxe3 Rd4 35. Qf1 Qf4 36. Rec3 Rf8 37. Rc8 Qe3+ 38. Kh1 Nd8 39. R8c4 Rd5 40. R4c3 Qf4 41. Qc4 e6 42. Qc7 Qxc7 1/2-1/2

[Event "Olympiad Women 2024"]
[Site "Budapest HUN"]
[Date "2024.09.16"]
[Round "6.51"]
[Board "3"]
[White "Muratet Carmona, Julia"]
[Black "Sandramo, Chineva Rufino"]
[Result "1/2-1/2"]
[WhiteElo "1816"]
[BlackElo "1524"]
[PlyCount "145"]
[EventDate "2024.09.11"]
[WhiteTeam "Andorra"]
[BlackTeam "Mozambique"]
[WhiteTeamCountry "AND"]
[BlackTeamCountry "MOZ"]

1. e4 {ChessBase} e5 2. Bc4 Bc5 3. Nf3 Nc6 4. c3 Nf6 5. d3 d6 6. h3 Be6 7. Bb3 Bd5 $146 ({RR} 7... Bxb3 8. axb3 h6 9. Na3 O-O 10. Nc2 Nh7 11. Be3 f5 12. exf5 Rxf5 13. Bxc5 dxc5 14. Ne3 Rf7 15. Qc2 Ng5 16. Nxg5 Qxg5 17. O-O Ne7 18. Ra4 Rf4 19. Qe2 Ng6 20. Kh1 Rxa4 21. bxa4 Nf4 22. Qc2 {0-1 Brien,R-Falkbeer,E Match Brien-Falkbeer +7-5=3 1855 (2)}) ({RR} 7... O-O 8. O-O Bxb3 9. Qxb3 Bb6 10. Nbd2 d5 11. Qc2 Qd7 12. b4 a6 13. a4 d4 14. b5 axb5 15. Ba3 dxc3 16. Bxf8 Rxf8 17. Qxc3 Nd4 18. Rfe1 Nxf3+ 19. Nxf3 bxa4 20. Qc4 Re8 21. Rxa4 g6 22. Ra2 {0-1 Sadrija,E (2105)-Schoene,R (2353) Berlin Unicorn op 2004 (2)}) ({RR} 7... O-O 8. O-O h6 9. Be3 Bb6 10. Nbd2 Ne7 11. d4 Bxb3 12. Qxb3 Ng6 13. a4 a5 14. Qc2 Qe7 15. Rfe1 Ra6 16. Nc4 exd4 17. Bxd4 Bxd4 18. Nxd4 Ne5 19. Nf5 Qe6 20. Nxe5 Qxe5 21. Re3 Re8 22. Rae1 {1-0 Cifuentes,J (2115)-Pachon,A (2032) 10th Velez Rapid 2023 (7.7)}) ({RR} 7... d5 8. exd5 Bxd5 9. O-O O-O 10. Bg5 Bxb3 11. axb3 h6 12. Bh4 g5 13. Bg3 e4 14. Ne5 Nxe5 15. Bxe5 exd3 16. Bxf6 Qxf6 17. Qxd3 Rad8 18. Qc2 Rfe8 19. b4 Bb6 20. Na3 Qf4 21. Rad1 c6 ({RR} 21... a6 22. Qc1 Qxc1 23. Rxc1 Re2 24. Nc4 Ba7) 22. Rd3 {0-1 Thompson,J-Morphy,P USA-01 Congress Grand Tournament 1857 (1.3)} ({RR} 22. Qc1 Rxd1 23. Qxd1 Kg7 24. Qf3 Qxf3 25. gxf3 Re2 26. Nc4 Kf6 27. Ra1 h5 28. Nxb6 axb6 29. Ra7 Re7)) 8. Bc4 Bxc4 9. Qc2 Bb3 10. Qxb3 Qc8 11. Bg5 Nh5 12. g4 Nf4 13. Bxf4 exf4 14. d4 Bb6 15. Nbd2 Qd7 16. O-O-O O-O-O 17. Nc4 f6 18. Nxb6+ axb6 19. e5 d5 20. Rhe1 Rde8 21. Re2 Re6 22. Rde1 Rhe8 23. Qc2 fxe5 24. Nxe5 Nxe5 25. Rxe5 g6 26. Qe2 Rxe5 27. dxe5 Re6 28. g5 c6 29. Qd3 Qe7 30. h4 Rxe5 31. Rxe5 Qxe5 32. Kd2 Kd7 33. Qh3+ Qe6 34. Qf3 Qf5 35. Kc1 Kd6 36. b3 Ke5 37. Qe2+ Qe4 38. Qd2 f3 39. b4 Qxh4 40. Qe3+ Qe4 41. Qxb6 Kf5 42. Kd2 Kxg5 43. Qd8+ Kh5 44. Qd7 h6 45. Qh3+ Kg5 46. Qg3+ Kf5 47. Qh3+ Kg5 48. Qg3+ Qg4 49. Qe5+ Qf5 50. Qg3+ Kf6 51. Qd6+ Kg7 52. Qe7+ Qf7 53. Qe5+ Kh7 54. a4 h5 55. b5 cxb5 56. axb5 h4 57. Qg5 Kg7 58. Qxh4 Qf6 59. Qg4 Qf5 60. Qxf5 gxf5 61. Ke3 Kf6 62. Kxf3 Ke5 63. Ke3 f4+ 64. Kd3 Kf5 65. f3 Ke5 66. c4 dxc4+ 67. Kxc4 b6 68. Kc3 Kd5 69. Kd3 Kc5 70. Ke4 Kxb5 71. Kxf4 Kc5 72. Ke4 b5 73. Kd3 1/2-1/2

[Event "Olympiad Women 2024"]
[Site "Budapest HUN"]
[Date "2024.09.16"]
[Round "6.52"]
[Board "1"]
[White "Lyons, Kieran"]
[Black "Johnson, Gabriella"]
[Result "1/2-1/2"]
[WhiteElo "1818"]
[BlackElo "1896"]
[PlyCount "138"]
[EventDate "2024.09.11"]
[WhiteTeam "Fiji"]
[BlackTeam "Trinidad & Tobago"]
[WhiteTeamCountry "FIJ"]

1. e4 e5 2. Nf3 Nc6 3. Bc4 Nf6 4. Ng5 d5 5. exd5 Na5 6. Bb5+ c6 7. dxc6 bxc6 8. Bd3 Nd5 9. Ne4 Nf4 10. Bf1 ({RR} 10. O-O Nxd3 11. cxd3 Be7 12. Qa4 O-O 13. b4 Nb7 14. Bb2 Qc7 15. Rc1 Bd7 16. Nbc3 Qb6 17. Rab1 Rad8 18. a3 f5 19. Ng3 e4 20. dxe4 fxe4 21. Ncxe4 c5 22. bxc5 Bxc5 23. Qc4+ Be6 24. Qe2 Ba2 {1-0 Buenafe Moya,J (2163)-Agibileg,U (2443) Titled Tue 5th Mar Early 2024 (2)}) 10... f5 11. Ng3 c5 $146 ({RR} 11... Qd5 12. Rg1 Bc5 13. d3 Nc4 14. Qf3 Nh3 15. Qxd5 Bxf2+ 16. Ke2 cxd5 17. Rh1 Be3 18. Bxe3 Nxe3 19. Kxe3 f4+ 20. Ke2 Bg4+ 21. Ke1 fxg3 22. hxg3 Ng5 23. Be2 Bxe2 24. Kxe2 Rb8 25. Nd2 Rxb2 26. Rhb1 {½-½ Nadanian,A (2335)-Agasarov,B (2205) Yerevan Margaryan Memorial-B 2022 (9)}) ({RR} 11... Bc5 12. c3 Bb6 13. d4 Qe7 14. d5 O-O 15. b4 Nb7 16. dxc6 Nd6 17. Be3 Be6 18. Nd2 Bxe3 19. fxe3 Nd5 20. Nc4 Rad8 21. Qd2 Nxc4 22. Bxc4 Nf4 23. Qf2 Bxc4 24. exf4 exf4+ 25. Ne2 Rd6 26. O-O {0-1 Askarov,B (2416)-Wen,Y (2592) Albena op-A 2015 (5)}) ({RR} 11... Bc5 12. c3 Bb6 13. d4 O-O 14. b4 Nb7 15. Bc4+ Kh8 16. O-O Qh4 17. Nd2 e4 18. Ne2 Nh5 19. f4 Bc7 20. g3 Qh3 21. Qc2 Rf6 22. Re1 a5 23. Nf1 Nd6 24. Bb3 Ba6 25. c4 a4 26. Bxa4 {0-1 Klovans,J-Nikolaevsky,Y URS-ch27 Semifinal 1959}) 12. Bb5+ Bd7 13. Bxd7+ Qxd7 14. Qf3 Rb8 15. d3 Bd6 16. O-O O-O 17. Nh5 Nxh5 18. Qxh5 Nc6 19. Nd2 Rf6 20. Nc4 f4 21. Qf3 Bc7 22. c3 Rd8 23. Rd1 Na5 24. Qe4 Nxc4 25. Qxc4+ Qd5 26. Qxd5+ Rxd5 27. Kf1 Rh6 28. h3 Rhd6 29. Ke2 g5 30. c4 Rd4 31. f3 Rd8 32. b3 R4d6 33. Bb2 Rc6 34. Bc3 a5 35. Kd2 Kf7 36. Kc2 h5 37. a3 Rb8 38. Rab1 Ra6 39. Re1 Kf6 40. Re2 Bd6 41. Rbe1 Re8 42. d4 cxd4 43. Bxd4 Rc6 44. Bc3 a4 45. Re4 axb3+ 46. Kxb3 Ra6 47. Bb4 Rb8 48. c5 Bxc5 49. R1e2 Rab6 50. Rc4 Bxb4 51. Rxb4 Kf5 52. Ree4 Rxb4+ 53. Rxb4 Re8 54. a4 g4 55. hxg4+ hxg4 56. a5 gxf3 57. gxf3 Re6 58. Rb6 e4 59. fxe4+ Rxe4 60. a6 Re1 61. Rb5+ Kg4 62. Rb4 Rb1+ 63. Kc3 Rxb4 64. Kxb4 f3 65. a7 f2 66. a8=Q f1=Q 67. Qg8+ Kf3 68. Qf7+ Kg2 69. Qxf1+ Kxf1 1/2-1/2

[Event "Olympiad Women 2024"]
[Site "Budapest HUN"]
[Date "2024.09.16"]
[Round "6.52"]
[Board "2"]
[White "Hermoso Rodriguez, Ysvett"]
[Black "Terubea, Cydel"]
[Result "1-0"]
[WhiteElo "1943"]
[BlackElo "1681"]
[PlyCount "121"]
[EventDate "2024.09.11"]
[WhiteTeam "Trinidad & Tobago"]
[BlackTeam "Fiji"]
[BlackTeamCountry "FIJ"]

1. e4 d5 2. exd5 Nf6 3. Bc4 Nxd5 4. Qf3 e6 5. Nc3 c6 6. a3 ({RR} 6. Qg3 Qd6 7. Nge2 Qxg3 8. hxg3 Nb6 9. Bb3 c5 10. d3 Bd7 11. a4 Bc6 12. a5 N6d7 13. Ne4 Be7 14. Be3 Na6 15. N2c3 Nb4 16. f3 b5 17. axb6 axb6 18. Rxa8+ Bxa8 19. Ba4 Bc6 20. Bxc6 Nxc6 {1-0 Dinh,D (2362)-Nguyen,T (2348) VIE-ch Hue 2005 (4)}) 6... a6 $146 ({RR} 6... Nd7 7. d4 Qb6 8. Nge2 Nxc3 9. Qxc3 Be7 10. Be3 Bf6 11. Rb1 c5 12. Qd2 cxd4 13. Nxd4 Qd6 14. Nb5 Qb8 15. Nd6+ Ke7 16. Rd1 a5 17. Nxc8+ Rxc8 18. Qxd7+ Kf8 19. Qb5 Bxb2 20. Qxb2 Rxc4 21. O-O {1-0 Zekovic,A-Hettler,W Karl Mala Memorial op 04th 2000 (5)}) ({RR} 6... Nd7 7. Nge2 Ne5 8. Qe4 Nxc4 9. Qxc4 Be7 10. O-O O-O 11. d4 Qc7 12. Qd3 b6 13. Ne4 c5 14. Bg5 Rd8 15. Bxe7 Qxe7 16. Rfd1 Bb7 17. N2g3 Nf6 18. Qe3 cxd4 19. Rxd4 Rxd4 20. Qxd4 Rd8 21. Qe3 {½-½ Brunke,P (1905)-Koepke,C (2239) GER-ch Net blitz qual2 2021 (11)}) ({RR} 6... Be7 7. Nge2 O-O 8. d3 Nd7 9. Qg3 Bh4 10. Qh3 N7b6 11. Ba2 e5 12. Qf3 f5 13. g3 Be7 14. Qg2 Kh8 15. Bd2 Be6 16. f3 Bc5 17. O-O-O Nxc3 18. Nxc3 Bxa2 19. Nxa2 Na4 20. Bb4 Bxb4 21. Nxb4 {0-1 Habesi,A-Gosciniak,M (2037) GRE-chT 35th 2006 (1)}) 7. Nge2 Bd6 8. d4 Qf6 9. Qxf6 Nxf6 10. Bg5 Nbd7 11. f3 h6 12. Bd2 b5 13. Bd3 Bb7 14. Ne4 Be7 15. Bf4 Nxe4 16. Bxe4 Nf6 17. Bd3 Nd5 18. Bd2 Bf6 19. c3 O-O 20. Nf4 Bh4+ 21. g3 Nxf4 22. Bxf4 Bf6 23. Rf1 Rfe8 24. O-O-O Rac8 25. Be4 Ba8 26. Bd6 e5 27. Bf5 Rcd8 28. dxe5 g6 29. exf6 gxf5 30. Be7 Rc8 31. b4 Kh7 32. Kd2 Rc7 33. Ke3 c5 34. Kf4 cxb4 35. Bxb4 Bb7 36. Rf2 Kg6 37. Rd6 Rc4+ 38. Rd4 Rxd4+ 39. cxd4 Kxf6 40. Rc2 Bd5 41. Rc5 Rd8 42. Rc7 Re8 43. Rd7 Bc6 44. Ra7 Ra8 45. Rc7 Bd5 46. Rd7 Bc4 47. Rd6+ Kg7 48. Kxf5 a5 49. Bd2 Bd3+ 50. Kf4 a4 51. d5 Bc4 52. Bc3+ Kh7 53. Rd7 Kg8 54. Bb4 Rc8 55. d6 Be6 56. Rc7 Rd8 57. Ke5 Rd7 58. f4 Rd8 59. Kf6 Re8 60. Re7 Kf8 61. d7 1-0

[Event "Olympiad Women 2024"]
[Site "Budapest HUN"]
[Date "2024.09.16"]
[Round "6.52"]
[Board "3"]
[White "Prasad, Tanvi"]
[Black "La Fleur, Zara"]
[Result "0-1"]
[WhiteElo "1564"]
[BlackElo "1773"]
[PlyCount "76"]
[EventDate "2024.09.11"]
[WhiteTeam "Fiji"]
[BlackTeam "Trinidad & Tobago"]
[WhiteTeamCountry "FIJ"]

1. b3 Nf6 2. Bb2 g6 3. e3 Bg7 4. Nf3 O-O 5. Be2 b6 6. O-O Bb7 7. d4 e6 8. Nbd2 ({RR} 8. c4 d6 9. Nc3 Nbd7 10. Rc1 a6 11. h3 c5 12. Qc2 Qe7 13. Rfd1 Rfd8 14. Rd2 Rac8 15. Rcd1 cxd4 16. Nxd4 d5 17. Qb1 dxc4 18. Bxc4 b5 19. Be2 Nb6 20. Bf3 Bxf3 21. Nxf3 Rxd2 22. Rxd2 b4 {½-½ Nihal,S (2620)-Vachier Lagrave,M (2784) Chess.com Speed blitz 2020 (1.54)}) 8... d5 9. c4 Qe7 $146 ({RR} 9... Nbd7 10. Rc1 Ne4 11. Nxe4 dxe4 12. Nd2 c5 13. Qc2 f5 14. Rfd1 cxd4 15. Bxd4 Bxd4 16. exd4 e3 17. Nf3 exf2+ 18. Kxf2 Nf6 19. h3 Qd6 20. Ne5 Rad8 21. Bf3 Bxf3 22. gxf3 Nh5 23. Qd2 Qe7 24. Kg2 {0-1 Bozhgulova,Z (1605)-Vakhidov,D (2211) FIDE World Bl Team Pool C 2024 (2.11)}) ({RR} 9... Nbd7 10. Rc1 c5 11. Ba3 Rc8 12. cxd5 Bxd5 13. Nc4 Ne4 14. Bd3 Ndf6 15. Nce5 Re8 16. Bb5 Re7 17. Nd3 a6 18. Bc4 Rec7 19. Bxd5 Nxd5 20. Bb2 c4 21. bxc4 Rxc4 22. Rxc4 Rxc4 23. Nfe5 Rc8 24. Qf3 {1-0 Turk,T (1881)-Posmuga,S (1563) CRO-ch U15 Girls 2011 (3)}) 10. Qc1 Nbd7 11. cxd5 Nxd5 12. Rb1 Rac8 13. Ba3 c5 14. Qd1 Nc3 15. Qe1 Nxb1 16. Qxb1 Rfd8 17. Ne4 Nf6 18. Nc3 Nd5 19. Rc1 Nxc3 20. Rxc3 Qd7 21. Rd3 Be4 22. Qd1 Bxd3 23. Qxd3 cxd4 24. exd4 Bxd4 25. Qb1 Qc6 26. h3 Qc2 27. Qf1 Qxa2 28. Be7 Rd7 29. Bg5 Qxb3 30. Bb5 Rd5 31. Ba6 Rc2 32. Nxd4 Rxd4 33. Qe1 Rc5 34. Kh2 Rxg5 35. Qc1 Qd5 36. Qc8+ Kg7 37. Bb7 Rxg2+ 38. Kh1 Rd1# 0-1

[Event "Olympiad Women 2024"]
[Site "Budapest HUN"]
[Date "2024.09.16"]
[Round "6.52"]
[Board "4"]
[White "James, Shemilah"]
[Black "Sukhu, Makayla"]
[Result "1-0"]
[WhiteElo "1774"]
[BlackElo "1521"]
[PlyCount "33"]
[EventDate "2024.09.11"]
[WhiteTeam "Trinidad & Tobago"]
[BlackTeam "Fiji"]
[BlackTeamCountry "FIJ"]

1. e4 e5 2. Nf3 Nc6 3. Bb5 a6 4. Ba4 Nf6 5. d4 Nxe4 6. O-O b5 7. Bb3 Bd6 8. dxe5 Bc5 9. Qd5 O-O 10. Qxe4 h6 $146 ({RR} 10... Bb7 11. Qg4 h6 12. Bxh6 {1-0 Tiihonen,E-Haapanen,V Tampere-ch 1989 (1)}) 11. Nc3 Bb7 12. Qg4 Kh8 13. Qh5 Qe7 14. Bxh6 g6 15. Qh3 Kg8 16. Bg5 Qe8 17. Bf6 1-0

[Event "Olympiad Women 2024"]
[Site "Budapest HUN"]
[Date "2024.09.16"]
[Round "6.53"]
[Board "1"]
[White "Seine, Rose Berline"]
[Black "Bwalya Mulwale, Lubuuto"]
[Result "0-1"]
[WhiteElo "1778"]
[BlackElo "1852"]
[PlyCount "128"]
[EventDate "2024.09.11"]
[WhiteTeam "Haiti"]
[BlackTeam "Zambia"]
[WhiteTeamCountry "HAI"]
[BlackTeamCountry "ZAM"]

1. d4 d5 2. c4 e6 3. Nf3 Nf6 4. Bg5 c6 5. e3 Qa5+ 6. Nbd2 Ne4 7. Bf4 Bb4 8. a3 Nxd2 9. Nxd2 Be7 ({RR} 9... Bxd2+ 10. Qxd2 Qxd2+ 11. Kxd2 O-O 12. b4 Nd7 13. Bd6 Re8 14. c5 e5 15. f3 exd4 16. exd4 Nf8 17. Bd3 Ng6 18. h4 Bd7 19. g4 f6 20. a4 Re6 21. Bf5 Rxd6 22. cxd6 Bxf5 23. gxf5 Nf4 24. Rae1 {1-0 Postny,E (2597)-Moshenberg,D (1847) ch-ISR Open 2024 (1.1)}) 10. Bd3 Nd7 11. b4 Qd8 12. c5 $146 ({RR} 12. O-O O-O 13. c5 Bf6 14. Nf3 Re8 15. Ne5 g6 16. Bg3 Nxe5 17. Bxe5 Bxe5 18. dxe5 Kg7 19. Bc2 b6 20. Qd4 bxc5 21. Qxc5 Qb6 22. Qd4 Qxd4 23. exd4 Ba6 24. Rfc1 Bc4 25. f3 Reb8 26. Rab1 a5 {0-1 Riauka,V (1613)-Voronov,V (1872) Plateliai op 23rd 2013 (7)}) 12... O-O 13. Qc2 h6 14. h3 Re8 15. Nf3 Bf6 16. O-O e5 17. dxe5 Bxe5 18. Nxe5 Nxe5 19. Be2 Qf6 20. Rfd1 Bf5 21. Qd2 Qg6 22. Kh2 Be4 23. f3 Bf5 24. g4 Bc8 25. Rg1 Qe6 26. Bg3 Ng6 27. Bf2 Qe5+ 28. Kh1 d4 29. e4 Rd8 30. Rad1 d3 31. Bg3 Qf6 32. f4 Be6 33. Bf3 Nh4 34. Bg2 Nxg2 35. Rxg2 Qd4 36. f5 Bb3 37. Re1 Re8 38. Rge2 Rad8 39. Bf2 Qc4 40. Re3 Qc2 41. Qxc2 Bxc2 42. e5 d2 43. Kg2 dxe1=Q 44. Rxe1 Rd3 45. Bg3 Rxa3 46. e6 fxe6 47. fxe6 Ra4 48. Bd6 Rxb4 49. e7 Re4 50. Rf1 R8xe7 51. Bxe7 Rxe7 52. Rf2 Bd3 53. Kg3 Re5 54. Rb2 Bb5 55. Rc2 a5 56. Kf4 Rd5 57. h4 g5+ 58. hxg5 hxg5+ 59. Ke3 a4 60. Rc3 Kf7 61. Ke4 Ke6 62. Rf3 Rxc5 63. Rf8 Rc4+ 64. Kf3 Rf4+ 0-1

[Event "Olympiad Women 2024"]
[Site "Budapest HUN"]
[Date "2024.09.16"]
[Round "6.53"]
[Board "2"]
[White "Likando Namakau"]
[Black "Cadeau, Merisena"]
[Result "0-1"]
[WhiteElo "1746"]
[BlackElo "1671"]
[PlyCount "128"]
[EventDate "2024.09.11"]
[WhiteTeam "Zambia"]
[BlackTeam "Haiti"]
[WhiteTeamCountry "ZAM"]
[BlackTeamCountry "HAI"]

1. e4 c5 2. Nf3 Nc6 3. c3 d6 4. Bc4 Nf6 5. d3 g6 6. Bg5 ({RR} 6. Ng5 e6 7. O-O h6 8. Nf3 Bg7 9. Bb3 O-O 10. Re1 e5 11. Nbd2 Kh7 12. Nf1 d5 13. Ng3 Be6 14. Be3 Qe7 15. Ba4 d4 16. cxd4 cxd4 17. Bd2 Nd7 18. Rc1 Rfc8 19. Bb3 b6 20. Bd5 Qd6 {0-1 Tkachiev,V (2615)-Sadler,M (2665) Hastings 9798 1997 (3)}) 6... Bg7 7. a3 $146 ({RR} 7. O-O O-O 8. Nbd2 Nd7 9. Bb3 b5 10. Bd5 Bb7 11. d4 Rb8 12. dxc5 Nxc5 13. Nb3 Na4 14. Rb1 Nb6 15. Re1 Nxd5 16. exd5 Ne5 17. Nxe5 dxe5 18. Re2 h6 19. Be3 Bxd5 20. Rd2 e6 21. Bxa7 Ra8 {0-1 Jentsch,D (2177)-Palkovi,J (2415) Zalakaros op 24th 2005 (2)}) ({RR} 7. Nbd2 O-O 8. O-O a6 9. Bb3 b5 10. Bc2 Rb8 11. Re1 b4 12. c4 Nd7 13. Qc1 Nde5 14. h3 f5 15. exf5 Bxf5 16. Nxe5 Nxe5 17. Ne4 Bxh3 18. f4 Qc8 19. fxe5 Qg4 20. Qd2 Bxe5 21. Bd1 Bd4+ {0-1 Rahn,M (1226)-Fernandini,F (1451) 9th Floripa Open 2023 (8.216)}) ({RR} 7. O-O O-O 8. Re1 Bg4 9. h3 Bxf3 10. Qxf3 Ne5 11. Qe3 Nxc4 12. dxc4 h6 13. Bxf6 exf6 14. Nd2 Qe7 15. Rad1 a6 16. Qd3 Rad8 17. Nf3 Qd7 18. e5 fxe5 19. Nxe5 Bxe5 20. Rxe5 Rfe8 21. Rxc5 dxc5 {1-0 Paulino,D-Azambuja,L Curitiba IRT Aniversario 2008 (6.24)}) 7... a5 8. a4 O-O 9. h3 b6 10. Qd2 Re8 11. O-O Bb7 12. Na3 Nd7 13. Nb5 Nde5 14. Nxe5 Nxe5 15. Ba2 Qd7 16. d4 cxd4 17. cxd4 Nc6 18. Rac1 Rec8 19. Bh6 Bh8 20. Qf4 Qe8 21. Rfd1 Nxd4 22. Rxc8 Rxc8 23. Nxd4 e5 24. Qg3 exd4 25. Qxd6 Qxe4 26. f3 Qe2 27. Bb3 Qe5 28. Qxb6 Bc6 29. Qa7 Qf5 30. Re1 Bd5 31. Bxd5 Qxd5 32. Qe7 Qd8 33. Qe2 d3 34. Qd2 Qb6+ 35. Be3 Qb4 36. Qd1 Rc2 37. Bh6 Bd4+ 38. Kh1 Qxa4 39. Qxd3 Rxb2 40. Re8+ Qxe8 41. Qxd4 Rb1+ 42. Kh2 f6 43. Qd5+ Kh8 44. Qxa5 Qe5+ 45. Qxe5 fxe5 46. Kg3 Kg8 47. Bg5 Kf7 48. Kh2 Rb2 49. Kg3 Ke6 50. Kh2 Kf5 51. Be3 Re2 52. Bg1 Kf4 53. Ba7 h5 54. Bb6 g5 55. Bc7 g4 56. hxg4 hxg4 57. fxg4 Kxg4 58. Kg1 e4 59. Kf1 Rc2 60. Bb6 Kg3 61. Ba7 Rxg2 62. Bd4 Kf3 63. Ke1 e3 64. Kf1 Rc2 0-1

[Event "Olympiad Women 2024"]
[Site "Budapest HUN"]
[Date "2024.09.16"]
[Round "6.53"]
[Board "3"]
[White "Jonet, Davena"]
[Black "Mbatha, Constance"]
[Result "0-1"]
[WhiteElo "1659"]
[BlackElo "1799"]
[PlyCount "70"]
[EventDate "2024.09.11"]
[WhiteTeam "Haiti"]
[BlackTeam "Zambia"]
[WhiteTeamCountry "HAI"]
[BlackTeamCountry "ZAM"]

1. d4 d5 2. Bf4 Bf5 3. e3 e6 4. Bd3 Bg6 5. Nf3 Nf6 6. c3 Nbd7 ({RR} 6... Be7 7. Qe2 c5 8. Nbd2 Nc6 9. O-O O-O 10. Bxg6 hxg6 11. h3 a6 12. Rfe1 b5 13. Ne5 Nxe5 14. Bxe5 Nd7 15. Bg3 Qb6 16. Rad1 Rfe8 17. Nf3 Nf6 18. Bh4 Bf8 19. Ne5 Qb7 20. Qf3 Ne4 21. Qe2 {0-1 Moiseenko,V (2492)-Riazantsev,A (2649) RUS-ch blitz 2018 (17.13)}) 7. Bg5 ({RR} 7. Qc2 c5 8. Nbd2 Be7 9. Bg3 O-O 10. Bxg6 hxg6 11. Ne5 Rc8 12. h3 Qb6 13. Qb3 Rfd8 14. Bh4 Bd6 15. Nxd7 Rxd7 16. Bxf6 gxf6 17. Qxb6 axb6 18. h4 e5 19. dxc5 bxc5 20. h5 Bf8 21. hxg6 fxg6 {1-0 Briem,G (1364)-Grose,K (1681) Reykjavik Kvika op 2022 (9)}) 7... Be7 $146 ({RR} 7... Bd6 8. Qc2 Bxd3 9. Qxd3 h6 10. Bh4 Be7 11. Nbd2 Rc8 12. Qb5 b6 13. Ne5 g5 14. Nxd7 Nxd7 15. Bg3 c5 16. Nf3 f6 17. Qd3 Nf8 18. Qb5+ Qd7 19. Qe2 g4 20. Nd2 f5 21. Be5 Rg8 22. h3 {0-1 Nikolic,M-Kosanovic,O SRB-ch U12 Girls 2014 (3)}) 8. O-O O-O 9. Bxg6 hxg6 10. Nbd2 Kh7 11. Re1 Rh8 12. e4 dxe4 13. Nxe4 c6 14. Bh4 Kg8 15. h3 Nxe4 16. Rxe4 Bxh4 17. Qb3 Rb8 18. Rd1 Bf6 19. Ne5 Qe7 20. Ng4 Rh5 21. Rde1 Nf8 22. a3 Qd7 23. Qd1 Rd8 24. Qf3 Nh7 25. Qd1 c5 26. Kh1 Qc8 27. Qa4 a6 28. Rd1 Rhd5 29. Ne3 R5d7 30. dxc5 Rxd1+ 31. Nxd1 Qxc5 32. Re1 Ng5 33. Ne3 Qc8 34. Nc4 b5 35. Qc2 Qxc4 0-1

[Event "Olympiad Women 2024"]
[Site "Budapest HUN"]
[Date "2024.09.16"]
[Round "6.53"]
[Board "4"]
[White "Mwale, Naomi"]
[Black "Dunat, Kineberlie"]
[Result "0-1"]
[WhiteElo "1767"]
[BlackElo "1582"]
[PlyCount "162"]
[EventDate "2024.09.11"]
[WhiteTeam "Zambia"]
[BlackTeam "Haiti"]
[WhiteTeamCountry "ZAM"]
[BlackTeamCountry "HAI"]

1. e4 e5 2. Nf3 Nc6 3. Bc4 Bc5 4. O-O Nf6 5. d3 h6 6. c3 Be7 ({RR} 6... Bb6 7. b4 d6 8. Qe2 a6 9. Be3 Bxe3 10. Qxe3 O-O 11. h3 Ne7 12. Nbd2 Ng6 13. d4 Qe7 14. dxe5 Nxe5 15. Nxe5 dxe5 16. Nb3 Be6 17. Bxe6 Qxe6 18. Nc5 Qc6 19. f3 Rad8 20. Rfd1 Rd6 21. Rd2 {1-0 Feoktistov,A (2426)-Postny,E (2620) Champions Challenge 215th blitz 2007 (3.2)}) 7. Re1 $146 ({RR} 7. h3 d5 8. exd5 Nxd5 9. Re1 Nb6 10. Bb3 Bf5 11. Bc2 Qd6 12. Na3 a6 13. Be3 Nd7 14. Qe2 O-O-O 15. Nc4 Qf6 16. b4 g5 17. g4 b5 18. Ncd2 Be6 19. a4 bxa4 20. Rxa4 h5 21. d4 hxg4 {1-0 Kovar,J (1765)-Peterova,J Tabor op 2005 (6)}) ({RR} 7. Nbd2 O-O 8. Nh4 Kh8 9. Nf5 d5 10. Nxe7 Nxe7 11. Bxd5 Nexd5 12. exd5 Qxd5 {1-0 Benelfekir,A (1486)-Nakiganda,B Africa-ch U20 Girls 2018 (9)}) 7... O-O 8. d4 d6 9. d5 Na5 10. Bd3 b6 11. b4 Nb7 12. h3 a5 13. b5 Nc5 14. a4 Nh7 15. Be3 Nxd3 16. Qxd3 f5 17. exf5 Bxf5 18. Qc4 Rc8 19. Nxe5 dxe5 20. d6+ Kh8 21. dxe7 Qxe7 22. Bf4 Be6 23. Rxe5 Bxc4 24. Rxe7 Rxf4 25. Nd2 Bg8 26. Ne4 Nf6 27. Nxf6 Rxf6 28. Rd1 Rf7 29. Re5 Bh7 30. Rd4 Rcf8 31. f3 Rf4 32. Rd7 R4f7 33. Rd4 Bc2 34. Kf2 Rc8 35. Re2 Bh7 36. Re6 Bg8 37. Re5 c6 38. c4 cxb5 39. cxb5 Kh7 40. h4 Rfc7 41. h5 Rc4 42. Rd7 R8c7 43. Rd8 Rc8 44. Rd7 R4c7 45. Rd4 Rc5 46. Re7 Rxh5 47. Rdd7 Rg5 48. f4 Rc2+ 49. Kf3 Rgxg2 50. f5 Rgf2+ 51. Kg3 Rxf5 52. Rxg7+ Kh8 53. Kg4 Rg2+ 54. Kxf5 Rxg7 55. Rd6 Bh7+ 56. Ke5 Rg6 57. Rd8+ Bg8 58. Rb8 Kg7 59. Rb7+ Bf7 60. Rc7 h5 61. Rc3 h4 62. Rh3 Rh6 63. Kf4 Be6 64. Rh2 h3 65. Kg3 Rg6+ 66. Kf2 Rg2+ 67. Rxg2+ hxg2 68. Kxg2 Bb3 69. Kf2 Bxa4 70. Ke2 Bxb5+ 71. Kd2 Kf6 72. Kc3 Ke5 73. Kb3 Kd4 74. Ka3 Kc4 75. Ka2 Kb4 76. Kb2 Bc4 77. Kb1 Ka3 78. Ka1 b5 79. Kb1 b4 80. Ka1 b3 81. Kb1 Bd3+ 0-1